| 000 | 00707nam a2200265Ia 4500 | ||
|---|---|---|---|
| 999 |
_c53145 _d53145 |
||
| 001 | 20184 | ||
| 003 | GE_BSU | ||
| 005 | 20250701161722.0 | ||
| 008 | 181216s2005||||enk|||||||||||||| ||eng|| | ||
| 020 | _a978058282503 | ||
| 040 | _cGE_BSU | ||
| 041 | _ageo | ||
| 080 | _a811.111(076) M-85 | ||
| 100 |
_aMoor, Peter _925587 |
||
| 245 |
_aNew Cutting EDGE : Elementary : _bWorkbook / _cPeter Moor, Sara Cunningham, Frances Eales. |
||
| 264 |
_aHarlow : _bLongman, _c2005. |
||
| 300 |
_a112 p. ; _c29 cm. |
||
| 541 | _h5gel. | ||
| 653 | _agrammar | ||
| 653 | _aNew Cutting EDGE | ||
| 653 | _aElementary | ||
| 653 | _aWorkbook | ||
| 653 | _aინგლისური ენა | ||
| 942 |
_cBK _2udc |
||